000 00367nam a22001577a 4500
003 SGT
020 _a978-81-312-5297-0
082 _a612
_bP18J
100 _aJOSHI, VIJAYA
245 _aPHYSIOLOGY PREP MANUAL FOR UNDERGRADUATE
250 _a6TH
260 _aINDIA
_bELSEVIER PUB
_c2018
300 _a502
650 _aHUMAN PHYSIOLOGY
942 _2ddc
_cBK
_0125
999 _c18771
_d18771